000 00909nam a2200241Ii 4500
008 221202s xx 000 0 und d
100 1 _aPetter Gleditsch, Nils,
_eauthor
245 0 _aR.J. Rummel :
_b An Assessment of His Many Contributions
264 1 _aCham
_bSpringer Nature
_c2017
300 _a1 online resource
336 _atext
_btxt
_2rdacontent
337 _acomputer
_bc
_2rdamedia
338 _aonline resource
_bcr
_2rdacarrier
490 _aSpringerBriefs on Pioneers in Science and Practice
520 _agenocide; democracy; libertarianism; peace; Cold War
653 _aCold War
653 _aDemocracy
653 _aGenocide
653 _aLibertarianism
653 _aPeace
856 _uhttps://library.oapen.org/bitstream/20.500.12657/27735/1/1002270.pdfhttps://link.springer.com/book/10.1007/978-3-319-54463-2http://library.oapen.org/handle/20.500.12657/27735
942 _cE-BOOK
999 _c65028
_d65028